000 00481nmm a2200169Ia 4500
008 251105s9999||||xx |||||||||||||||||und||
020 _a9788498168563
041 _aspa
100 _aAlvarado Tezozomoc, Fernando
245 0 _aCrónica Mexicana
264 _a[Madrid, España] :
_bLinkgua,
_c2011
300 _a401 páginas
490 _aHistoria
650 _aHistory of the Americas: Latin America
856 _uhttps://public.digitaliapublishing.com/a/14746
942 _cCF
999 _c91497
_d91497